| 000 | 01203 am a2200301 a 4500 | ||
|---|---|---|---|
| 005 | 20240222133350.0 | ||
| 008 | 100701s1994||||ag # f |||| 001 0 spa d | ||
| 020 | _a9509129887 | ||
| 041 | _aspa | ||
| 092 |
_c614.072 _l82 _sTEC |
||
| 245 |
_aTecnoburocracia Sanitaria. _bCiencia, ideología y profesionalización en la salud pública / _cCelia Iriart |
||
| 250 | _a1a ed. | ||
| 260 |
_aBuenos Aires: _bLugar Editorial; _c1994. |
||
| 300 | _a218 p. | ||
| 500 | _aIriart, C. et al. (1994). Tecnoburocracia Sanitaria. Ciencia, ideología y profesionalización en la salud pública. (1a ed.). Buenos Aires : Lugar Editorial. | ||
| 590 | _aDonación Editorial Lugar, Nov. 2005 | ||
| 653 | _aPolítica de formación de RR.HH en salud pública en Argentina | ||
| 653 | _aProfesionalización en salud pública | ||
| 653 | _aEjes temáticos de la concepción sanitarista | ||
| 653 | _aMatriz teórico metodológica de la salud pública Argentina | ||
| 653 | _aEscuela de salud pública de la Universidad de Buenos Aires | ||
| 700 | 1 |
_aIriart, Celia _922 |
|
| 700 | 1 |
_aNervi, Laura. _922 |
|
| 700 | 1 |
_aOlivier, Beatriz. _923 |
|
| 700 | 1 |
_aTesta, Mario. _924 |
|
| 930 | _a1352 | ||
| 942 |
_2ddc _cBK |
||
| 999 |
_c464 _d464 |
||